Central Library OPAC University of Rajshahi

Hazards, vulnerability and environmental justice / (Record no. 52042)

MARC details
000 -LEADER
fixed length control field 00813cam a2200265 a 4500
001 - CONTROL NUMBER
control field 52042
003 - CONTROL NUMBER IDENTIFIER
rucl marc code BD-RjUL
005 - DATE AND TIME OF LATEST TRANSACTION
control field 20211209075739.0
008 - FIXED-LENGTH DATA ELEMENTS--GENERAL INFORMATION
fixed length control field 160905s2006 enka 001 0 eng
020 ## - INTERNATIONAL STANDARD BOOK NUMBER
International Standard Book Number 9781844073108
035 ## - SYSTEM CONTROL NUMBER
System control number (BD-RjUL) 52162
040 ## - CATALOGING SOURCE
Original cataloging agency DLC
Transcribing agency DLC
Modifying agency BD-RjUL
Language of cataloging eng
041 ## - LANGUAGE CODE
Language code of text/sound track or separate title eng
082 00 - DEWEY DECIMAL CLASSIFICATION NUMBER
Classification number 333.714
Edition number 23
Author mark and year CUH 2006
100 1# - MAIN ENTRY--PERSONAL NAME
Personal name Cutter, Susan L.
9 (RLIN) 155639
245 10 - TITLE STATEMENT
Title Hazards, vulnerability and environmental justice /
Statement of responsibility, etc. Susan L. Cutter.
260 ## - PUBLICATION, DISTRIBUTION, ETC. (IMPRINT)
Place of publication, distribution, etc. London :
Name of publisher, distributor, etc. Earthscan,
Date of publication, distribution, etc. c2006.
300 ## - PHYSICAL DESCRIPTION
Pagination xxviii, 418 p. :
Illustrations ill. ;
Size 24 cm.
490 0# - SERIES STATEMENT
Series statement Risk, society and policy series
500 ## - GENERAL NOTE
General note Includes index.
650 #0 - SUBJECT ADDED ENTRY--TOPICAL TERM
Topical term or geographic name as entry element Environmental risk assessment.
9 (RLIN) 155640
Topical term or geographic name as entry element Environmental degradation.
9 (RLIN) 155641
856 41 - ELECTRONIC LOCATION AND ACCESS
Materials specified Risk, society and policy series
942 ## - ADDED ENTRY ELEMENTS (KOHA)
Source of classification or shelving scheme Dewey Decimal Classification
Koha item type Books
Holdings
Lost status Source of classification or shelving scheme Damaged status Not for loan Collection code Permanent Location Current Location Shelving location Date acquired Source of acquisition Cost, normal purchase price Total Checkouts Full call number Date last seen Copy number Koha item type
  Dewey Decimal Classification     Non-fiction Central Library, University of Rajshahi Central Library, University of Rajshahi   18/10/2010 Paragon Enterprise ltd., Dhaka 995.00   333.714 CUH 2006 05/09/2016 C-2 Books
  Dewey Decimal Classification   Not For Loan Non-fiction Central Library, University of Rajshahi Central Library, University of Rajshahi Reading Room 18/10/2010 Dhaka, Paragon Enterprises Ltd. 995.00   333.714 CUH 2007 19/12/2016 C-1 Books